| 000 | 00464nam a22001697a 4500 | ||
|---|---|---|---|
| 005 | 20230118122209.0 | ||
| 008 | 210227b ||||| |||| 00| 0 eng d | ||
| 020 | _a9789384875343 | ||
| 041 | _aeng | ||
| 082 | _a615.4 SAR-T | ||
| 100 |
_aSARANGI ,DEEPAK AND MEKAP SUMAN KUMAR _96403 |
||
| 245 | _aTEXTBOOK OF PHARMACEUTICAL DOSAGE FORM | ||
| 260 |
_aMODINAGAR _bUNNATI PUBLICATION _c2020 |
||
| 300 | _a198 P. | ||
| 650 |
_aPHARMACY _xD.PHARMA _97090 |
||
| 942 | _cBK | ||
| 999 |
_c7478 _d7476 |
||